| 000 | 00807nam a2200265 i 4500 | ||
|---|---|---|---|
| 001 | bg | ||
| 100 | 1 | _aJASIK, Jan Ryszard | |
| 245 | 1 | 0 |
_aPrzetwarzanie sygnałów pomiarowych w systemach z częstotliwościowym nośnikiem informacji / _cJan Ryszard Jasik ; Politechnika Lubelska. |
| 260 |
_aLublin : _bWydaw. PL, _c2003. |
||
| 300 |
_a150 s. : _brys., wykr. ; _c24 cm. |
||
| 500 | _aStreszcz. ang., ros. | ||
| 504 | _aBibliogr. | ||
| 650 | 9 |
_aPomiary _xteoria |
|
| 650 | 9 | _aCzujniki | |
| 650 | 9 | _aPrzetworniki pomiarowe | |
| 650 | 9 | _aPrzetwarzanie sygnałów | |
| 710 | 0 | _aPolitechnika Lubelska | |
| 020 | _a8389246465 | ||
| 040 | _cBPK | ||
| 041 | 0 |
_apol _bengrus |
|
| 080 | _a621.317:621.314:681.58 | ||
| 920 | _a83-89246-46-5 | ||
| 942 | _cKS | ||
| 008 | s pl f |000 0 pol | ||
| 999 |
_c46381 _d46381 |
||
| 856 |
_uhttp://koha.tu.koszalin.pl/cgi-bin/koha/opac-detail.pl?biblionumber=46381 _yKatalog online BPK |
||